<?xml version="1.0" encoding="UTF-8"?>
<collection xmlns="http://www.loc.gov/MARC21/slim">
 <record>
  <leader>01482nam0a2200265   4500</leader>
  <controlfield tag="001">in00000003866</controlfield>
  <controlfield tag="005">20230404122152.0</controlfield>
  <datafield tag="010" ind1=" " ind2=" ">
   <subfield code="a">978-7-5217-4778-2</subfield>
   <subfield code="d">CNY98.00</subfield>
  </datafield>
  <datafield tag="035" ind1=" " ind2=" ">
   <subfield code="a">011664303</subfield>
  </datafield>
  <datafield tag="100" ind1=" " ind2=" ">
   <subfield code="a">20230130d2023    em y0chiy50      ea</subfield>
  </datafield>
  <datafield tag="101" ind1="1" ind2=" ">
   <subfield code="a">chi</subfield>
   <subfield code="c">eng</subfield>
  </datafield>
  <datafield tag="102" ind1=" " ind2=" ">
   <subfield code="a">CN</subfield>
   <subfield code="b">110000</subfield>
  </datafield>
  <datafield tag="105" ind1=" " ind2=" ">
   <subfield code="a">a   z   000yy</subfield>
  </datafield>
  <datafield tag="106" ind1=" " ind2=" ">
   <subfield code="a">r</subfield>
  </datafield>
  <datafield tag="200" ind1="1" ind2=" ">
   <subfield code="a">现实</subfield>
   <subfield code="9">xian shi</subfield>
   <subfield code="e">每个虚拟世界都是一个新的现实</subfield>
   <subfield code="d">Reality</subfield>
   <subfield code="e">virtual worlds and the problems of philosophy</subfield>
   <subfield code="f">(美)大卫·查默斯(David Chalmers)著</subfield>
   <subfield code="g">熊祥译</subfield>
   <subfield code="z">eng</subfield>
  </datafield>
  <datafield tag="210" ind1=" " ind2=" ">
   <subfield code="a">北京</subfield>
   <subfield code="c">中信出版集团股份有限公司</subfield>
   <subfield code="d">2023</subfield>
  </datafield>
  <datafield tag="215" ind1=" " ind2=" ">
   <subfield code="a">16,590页</subfield>
   <subfield code="c">图</subfield>
   <subfield code="d">23cm</subfield>
  </datafield>
  <datafield tag="300" ind1=" " ind2=" ">
   <subfield code="a">见识城邦</subfield>
  </datafield>
  <datafield tag="330" ind1=" " ind2=" ">
   <subfield code="a">本书是一部探讨科技与人类关系的社会学作品，结合哲学、认知学、物理学、信息学等学科知识，通过大量缜密的逻辑推理与论证，从科技与思想的维度来解释现实的困惑，从虚拟现实的角度对诸多的哲学经典问题提供新的回答，与现实关联较大的命题诸如“虚拟现实技术对生活的实质性影响”、“心智与肉体是如何互动的”等，将带领读者领悟虚拟世界在生活中的作用。</subfield>
  </datafield>
  <datafield tag="510" ind1="1" ind2=" ">
   <subfield code="a">Reality</subfield>
   <subfield code="e">virtual worlds and the problems of philosophy</subfield>
   <subfield code="z">eng</subfield>
  </datafield>
  <datafield tag="606" ind1="0" ind2=" ">
   <subfield code="a">虚拟现实</subfield>
   <subfield code="x">研究</subfield>
  </datafield>
  <datafield tag="690" ind1=" " ind2=" ">
   <subfield code="a">TP391.98</subfield>
   <subfield code="v">5</subfield>
  </datafield>
  <datafield tag="701" ind1=" " ind2="0">
   <subfield code="c">(美)</subfield>
   <subfield code="a">查默斯</subfield>
   <subfield code="9">cha mo si</subfield>
   <subfield code="c">(Chalmers, David)</subfield>
   <subfield code="4">著</subfield>
  </datafield>
  <datafield tag="702" ind1=" " ind2="0">
   <subfield code="a">熊祥</subfield>
   <subfield code="9">xiong xiang</subfield>
   <subfield code="4">译</subfield>
  </datafield>
  <datafield tag="999" ind1="f" ind2="f">
   <subfield code="s">d33517d3-2af1-4099-86c8-9017dd2e8c06</subfield>
   <subfield code="i">e661013c-1633-49d9-b5a6-d3ef7f181e85</subfield>
  </datafield>
 </record>
</collection>
